| 000 | 00558nam a2200157 a 4500 | ||
|---|---|---|---|
| 001 | 000029674 | ||
| 005 | 20200930055724.0 | ||
| 008 | 110425s1949 dr 000 0 spa d | ||
| 040 |
_aDO-SdBNP _bspa _cBNPHU |
||
| 082 |
_axxx _bC794s |
||
| 100 | 1 |
_aCordero, Armando _936629 |
|
| 245 | 1 | 3 |
_aLa seguridad social y el destino de las masas trabajadoras en la Era de Trujillo / _cArmando Cordero ; liminar R. Eneas Saviñon. |
| 260 |
_aCiudad Trujillo, República Dominicana : _bMontalvo, _c1949. |
||
| 300 |
_a17 p. ; _c24 cm. |
||
| 700 | 1 |
_aSaviñon, R. Eneas, _956474 |
|
| 999 |
_c29166 _d29166 |
||